000 00633nam a2200205Ia 4500
003 GCL
008 140319s9999 xx 000 0 ara d
040 _aGCL /
_cGCL
082 0 4 _a819.9
_bع م
100 1 _aعامر العقاد
245 1 0 _aمن اخر كلمات العقاد ط2 /
_cعامر العقاد
260 _a[S.N] :
_bدار الشعب للطباعة والنشر ،
_c1974
300 _a157 ص
490 _a
650 0 4 _aالادب العربى
650 0 4 _aالادب العربى - مقالات
650 0 4 _aعباس محمود العقاد
650 0 4 _aالادب العالمى
942 _2ddc
_cBK
999 _c53081
_d53081